skbl

Dr Suryya Kumar Bhuyan Library Web-OPAC
ডঃ সূৰ্য্য
কুমাৰ ভূঞা পুথিভঁৰাল ৱেব-অ'পেক

All Research Scholars are advised to clear the annual library fees to continue using Library Resources, Remote Access, Plagiarism Test and Library Clearance.

Cotton University Book Fair 2026

Jaiminiya-Brahmana of the Samaveda / (Record no. 2330)

MARC details
000 -LEADER
fixed length control field 00502nam a2200181Ia 4500
001 - CONTROL NUMBER
control field 2337
008 - FIXED-LENGTH DATA ELEMENTS--GENERAL INFORMATION
fixed length control field 220630s1954 ii a g b000 u hin u
082 ## - DEWEY DECIMAL CLASSIFICATION NUMBER
Classification number 294.123
100 ## - MAIN ENTRY--PERSONAL NAME
Personal name Vira, Raghu .
245 #0 - TITLE STATEMENT
Title Jaiminiya-Brahmana of the Samaveda /
Statement of responsibility, etc. Raghu Vira and Lokesh Chandra.
Medium Textual Documents
250 ## - EDITION STATEMENT
Edition statement 1st ed /
260 ## - PUBLICATION, DISTRIBUTION, ETC.
Place of publication, distribution, etc. Nagpur :
Name of publisher, distributor, etc. Lokesh Chandra ,
Date of publication, distribution, etc. 1954.
300 ## - PHYSICAL DESCRIPTION
Extent 513p. :
Other physical details ill ;
Dimensions 26cm .
653 ## - INDEX TERM--UNCONTROLLED
Uncontrolled term Religion-Hindu
653 ## - INDEX TERM--UNCONTROLLED
Uncontrolled term Samaveda
653 ## - INDEX TERM--UNCONTROLLED
Uncontrolled term G-Religion
942 ## - ADDED ENTRY ELEMENTS (KOHA)
Source of classification or shelving scheme Dewey Decimal Classification
Koha item type Books
Holdings
Withdrawn status Lost status Damaged status Not for loan Home library Current library Date acquired Coded location qualifier Total checkouts Full call number Barcode Date last seen Copy number Price effective from Koha item type
        Dr. Suryya Kumar Bhuyan Library Dr. Suryya Kumar Bhuyan Library 01/02/2012 00000   294.123 Vi 26 J 38451 13/01/2024 2 01/02/2012 Books
        Dr. Suryya Kumar Bhuyan Library Dr. Suryya Kumar Bhuyan Library 01/02/2012 00000   294.123 Vi 26 J 29134 13/01/2024 1 01/02/2012 Books

Designed and Maintained by Team SKBL
©1901-2026

Powered by Koha